Fr. Conceicao Rodrigues College of Engineering

Electrical engineering & Electronics (Record no. 27441)

MARC details
000 -LEADER
fixed length control field 00373nam a2200157Ia 4500
082 ## - DEWEY DECIMAL CLASSIFICATION NUMBER
Classification number 621.381
Item number THE
100 ## - MAIN ENTRY--PERSONAL NAME
Personal name Theraja/B.L
245 ## - TITLE STATEMENT
Title Electrical engineering & Electronics
260 ## - PUBLICATION, DISTRIBUTION, ETC.
Name of publisher, distributor, etc. Nirja construction and devpt
Place of publication, distribution, etc. Bombay
Date of publication, distribution, etc. 1991
300 ## - PHYSICAL DESCRIPTION
Extent 880
546 ## - LANGUAGE NOTE
Language note ENGLISH
650 ## - SUBJECT ADDED ENTRY--TOPICAL TERM
Topical term or geographic name entry element Electrical Engineering
654 ## - SUBJECT ADDED ENTRY--FACETED TOPICAL TERMS
Focus term Electrical
942 ## - ADDED ENTRY ELEMENTS (KOHA)
Koha item type BOOK
Holdings
Withdrawn status Lost status Damaged status Not for loan Collection Home library Current library Shelving location Date acquired Total Checkouts Total Renewals Full call number Barcode Date last seen Date last checked out Price effective from Koha item type
        CRC Fr. Agnel's C.Rodrigues College of Engineering AGNEL INDUSTRIAL TRAINING INST.   17/03/2023 1 1 621.381 THE 9938 04/01/2025 04/12/2024 17/03/2023 BOOK